000 00492nam a22001697a 4500
003 BD-ChCU
005 20260401110158.0
008 260401b bg ||||| |||| 00| 0 ben d
040 _cBD-ChCU
082 _a373.73 THT
100 _aThomas , Charles Swain.
_921028
245 _aThe Teaching of english :
_bin the Secondary School ./
_cCharles Swain , Thomas .
260 _aBoston :
_bHoughton ,
_cC 1917
300 _axvi , 365p
650 0 _aEducation - U.S.
_921029
942 _2ddc
_cBK
_n0
999 _c111988
_d111988